Video feria de la Salud /
| מחבר תאגידי: | |
|---|---|
| פורמט: | ספר |
| שפה: | ספרדית |
| יצא לאור: |
San José, Costa Rica :
UCR,
2006
|
| נושאים: |
MARC
| LEADER | 00000nam a2200000Ia 4500 | ||
|---|---|---|---|
| 008 | 180928b2006 cr ||||| |||| 00| 0 spa d | ||
| 999 | |c 2522 |d 2522 | ||
| 090 | |a CD #86 | ||
| 110 | |a Universidad de Costa Rica |9 585 | ||
| 245 | 1 | 0 | |a Video feria de la Salud / |c Universidad de Costa Rica |
| 260 | |a San José, Costa Rica : |b UCR, |c 2006 | ||
| 300 | |a CD | ||
| 500 | |a Video | ||
| 650 | 1 | 4 | |a PROMOCIÓN DE LA SALUD |9 2164 |
| 942 | |i 002189 |h CD #86 |2 z |c 08 | ||
